|
|
|
|
| LEADER |
00686nam a2200193 a 4500 |
| 008 |
091217s1994 ii b 001 0 eng d |
| 040 |
|
|
|a BD-DhAAL
|c BD-DhAAL
|
| 082 |
0 |
0 |
|a 303.48/4083
|2 20
|
| 100 |
1 |
|
|a Das, G.
|
| 245 |
0 |
0 |
|a Social change and control /
|c G. Das.
|
| 260 |
|
|
|a New Delhi :
|b Manu Enterprises,
|c 1994.
|
| 300 |
|
|
|a 280 p. ;
|c 22 cm.
|
| 541 |
1 |
|
|e 00010867
|
| 650 |
|
0 |
|a Social change.
|
| 650 |
|
0 |
|a Social control.
|
| 650 |
|
0 |
|a Sociology
|x Research.
|
| 852 |
4 |
|
|a Ayesha Abed Library
|j General shelf
|
| 999 |
|
|
|c 6217
|d 6217
|
| 952 |
|
|
|0 0
|1 0
|2 ddc
|4 0
|6 303_484083000000000_DAS_1994
|7 0
|9 6242
|a BRACUL
|b BRACUL
|c GEN
|d 2009-12-20
|g 117.00
|l 0
|o 303.484083 DAS
|p 3010010867
|r 2009-12-20
|t 1
|w 2009-12-20
|y BK
|